[Event "Wch U20 Girls 38th"]
[Site "Cala Gonone"]
[Date "2022.10.21"]
[Round "10"]
[White "Singgih, Diajeng Theresa"]
[Black "Ruiz Villalba, Andrea"]
[Result "0-1"]
[WhiteElo "1991"]
[BlackElo "1764"]
[PlyCount "104"]
[EventDate "2022.10.12"]
[EventType "swiss"]
[EventRounds "11"]
[EventCountry "ITA"]
[SourceTitle "CBM 210 Extra"]
[Source "ChessBase"]
[SourceDate "2022.11.30"]
[SourceVersion "1"]
[SourceVersionDate "2022.11.30"]
[SourceQuality "1"]

1. e4 c5 2. Nf3 d6 3. d4 cxd4 4. Nxd4 Nf6 5. Nc3 g6 6. Bc4 Bg7 7. 0-0 0-0 8. Bb3 Nc6 9. Nxc6 bxc6 10. h3 Nd7 11. Be3 Ba6 12. Re1 Ne5 13. Qd2 Nc4 14. Bxc4 Bxc4 15. Bh6 Bxh6 16. Qxh6 Rb8 17. b3 Qa5 18. Re3 Be6 19. f4 Qc5 20. Rae1 Kh8 21. Kh1 Rg8 22. Rf3 Bd7 23. Re2 Qd4 24. Rd3 Qg7 25. Qg5 f6 26. Qa5 Rb7 27. g4 Qh6 28. g5 Qh4 29. gxf6 Bxh3 30. Qg5 Qxg5 31. fxg5 Bf1 32. Kg1 Bxe2 33. Nxe2 Rf8 34. Nd4 exf6 35. Ne6 Re8 36. Rxd6 fxg5 37. Nxg5 Rb5 38. e5 Re7 39. Ne6 Kg8 40. Rd8+ Kf7 41. Ng5+ Kg7 42. Nf3 g5 43. c4 Ra5 44. Rd1 g4 45. Nd4 Raxe5 46. Nxc6 Re1+ 47. Rxe1 Rxe1+ 48. Kf2 Ra1 49. c5 Rxa2+ 50. Kg3 h5 51. Nb4 Rb2 52. Nd5 Rxb3+ 0-1

[Event "Wch U20 Girls 38th"]
[Site "Cala Gonone"]
[Date "2022.10.20"]
[Round "9"]
[White "Ruiz Villalba, Andrea"]
[Black "Olde, Grete"]
[Result "0-1"]
[WhiteElo "1764"]
[BlackElo "1862"]
[PlyCount "112"]
[EventDate "2022.10.12"]
[EventType "swiss"]
[EventRounds "11"]
[EventCountry "ITA"]
[SourceTitle "CBM 210 Extra"]
[Source "ChessBase"]
[SourceDate "2022.11.30"]
[SourceVersion "1"]
[SourceVersionDate "2022.11.30"]
[SourceQuality "1"]

1. e4 e5 2. Nf3 Nc6 3. Bc4 Bc5 4. c3 Nf6 5. d3 d6 6. Nbd2 a6 7. Bb3 Ba7 8. h3 0-0 9. 0-0 Ne7 10. Re1 Ng6 11. Nf1 Nh5 12. d4 Nhf4 13. dxe5 dxe5 14. Bxf4 exf4 15. Qxd8 Rxd8 16. Ng5 Ne5 17. Rad1 Re8 18. Nh2 h6 19. Ngf3 Nc6 20. Nd4 Na5 21. Bc2 b5 22. b4 Nc4 23. a4 Bd7 24. axb5 Bxb5 25. Nhf3 Bb6 26. h4 Nb2 27. Ra1 Rad8 28. Ne2 Bd3 29. Ra2 Rxe4 30. Rxb2 Rxe2 31. Rxe2 Bxe2 32. Be4 Rd1+ 33. Kh2 Bxf2 34. Rxe2 Bg3+ 35. Kh3 h5 36. Ne1 Rxe1 37. Rxe1 Bxe1 38. Bd3 Bxc3 39. Bxa6 Bxb4 40. g4 fxg3 41. Kxg3 Be1+ 42. Kh3 f5 43. Bc8 g6 44. Bd7 c5 45. Bc6 Kg7 46. Bd5 Kf6 47. Bc4 f4 48. Bd3 f3 49. Be4 f2 50. Bd3 g5 51. Bf1 gxh4 52. Kxh4 Ke5 53. Kxh5 Kd4 54. Kg4 c4 55. Kf3 c3 56. Ke2 c2 0-1

[Event "Wch U20 Girls 38th"]
[Site "Cala Gonone"]
[Date "2022.10.16"]
[Round "6"]
[White "Cassi, Elisa"]
[Black "Ruiz Villalba, Andrea"]
[Result "1-0"]
[WhiteElo "1965"]
[BlackElo "1764"]
[PlyCount "109"]
[EventDate "2022.10.12"]
[EventType "swiss"]
[EventRounds "11"]
[EventCountry "ITA"]
[SourceTitle "CBM 210 Extra"]
[Source "ChessBase"]
[SourceDate "2022.11.30"]
[SourceVersion "1"]
[SourceVersionDate "2022.11.30"]
[SourceQuality "1"]

1. e4 c5 2. Nf3 d6 3. d4 cxd4 4. Nxd4 Nf6 5. Nc3 g6 6. Be3 Bg7 7. f3 0-0 8. Qd2 Nc6 9. 0-0-0 d5 10. exd5 Nxd5 11. Nxc6 bxc6 12. Bd4 e5 13. Bc5 Re8 14. Ne4 Qc7 15. h4 f5 16. Nd6 Rd8 17. h5 Rxd6 18. Bxd6 Qxd6 19. c4 Qc5 20. hxg6 Ba6 21. gxh7+ Kh8 22. Kb1 Ne3 23. Qf2 e4 24. Rd7 f4 25. Rxg7 Kxg7 26. Qh4 Rh8 27. Qh6+ Kf7 28. Qxf4+ Kg7 29. Qh6+ Kf7 30. Rh5 Qd4 31. Qf4+ Ke7 32. Re5+ Kd7 33. Be2 Qd2 34. Qf7+ Kc8 35. Qe6+ Kc7 36. a3 Qc2+ 37. Ka2 Qxe2 38. Qe7+ Kc8 39. Qe6+ Kc7 40. Qf7+ Kb6 41. c5+ Ka5 42. Qc7+ Kb5 43. Rxe4 Qd2 44. Rb4+ Qxb4 45. axb4 Kxb4 46. Qg7 Bc4+ 47. Kb1 Rd8 48. Qc3+ Ka4 49. Qa3+ Kb5 50. Qxe3 Rh8 51. Qe4 a5 52. Kc2 a4 53. Qe7 Kb4 54. Qg7 Bb3+ 55. Kd2 1-0

[Event "Wch U20 Girls 38th"]
[Site "Cala Gonone"]
[Date "2022.10.15"]
[Round "5"]
[White "Ruiz Villalba, Andrea"]
[Black "Sala, Giulia"]
[Result "0-1"]
[WhiteElo "1764"]
[BlackElo "1869"]
[PlyCount "96"]
[EventDate "2022.10.12"]
[EventType "swiss"]
[EventRounds "11"]
[EventCountry "ITA"]
[SourceTitle "CBM 210 Extra"]
[Source "ChessBase"]
[SourceDate "2022.11.30"]
[SourceVersion "1"]
[SourceVersionDate "2022.11.30"]
[SourceQuality "1"]

1. e4 e5 2. Nf3 Nc6 3. Bc4 Bc5 4. c3 Nf6 5. d3 d6 6. Nbd2 a6 7. Bb3 Ba7 8. h3 0-0 9. 0-0 Ne7 10. Re1 Ng6 11. Nf1 h6 12. Ng3 Re8 13. d4 Bd7 14. Bc2 c5 15. Be3 Qc7 16. Qd2 Kh7 17. Nf5 Bxf5 18. exf5 Ne7 19. dxe5 dxe5 20. Nh2 Rad8 21. Qe2 e4 22. Ng4 Ned5 23. Nxf6+ Nxf6 24. Rad1 Qe5 25. Qc4 Rxd1 26. Rxd1 Re7 27. b4 b5 28. Qe2 Qxc3 29. bxc5 Bxc5 30. Bf4 e3 31. fxe3 Bxe3+ 32. Bxe3 Rxe3 33. Qf2 Qe5 34. Bb3 Re2 35. Qf1 Qe3+ 36. Kh2 Qe5+ 37. Kg1 Qc5+ 38. Kh2 Re7 39. Qd3 Qe5+ 40. Kg1 Rd7 41. Qf3 Rxd1+ 42. Qxd1 Qe7 43. Qf3 a5 44. Qc6 a4 45. Bc2 Qe1+ 46. Kh2 Qe5+ 47. g3 Qd5 48. Qc3 Qxa2 0-1

[Event "Wch U20 Girls 38th"]
[Site "Cala Gonone"]
[Date "2022.10.14"]
[Round "4"]
[White "Simkunaite, Gabija"]
[Black "Ruiz Villalba, Andrea"]
[Result "1/2-1/2"]
[WhiteElo "2014"]
[BlackElo "1764"]
[PlyCount "78"]
[EventDate "2022.10.12"]
[EventType "swiss"]
[EventRounds "11"]
[EventCountry "ITA"]
[SourceTitle "CBM 210 Extra"]
[Source "ChessBase"]
[SourceDate "2022.11.30"]
[SourceVersion "1"]
[SourceVersionDate "2022.11.30"]
[SourceQuality "1"]

1. e4 c5 2. Nf3 g6 3. c3 d5 4. exd5 Qxd5 5. d4 Bg7 6. dxc5 Qxd1+ 7. Kxd1 Bg4 8. Be3 Bxf3+ 9. gxf3 Nc6 10. Kc2 Nf6 11. Nd2 Nd5 12. Bc4 0-0-0 13. Rad1 Ne5 14. Bb3 Nxe3+ 15. fxe3 Bh6 16. f4 Ng4 17. Nc4 Nf2 18. Rxd8+ Rxd8 19. Rf1 Ne4 20. Rd1 Rxd1 21. Kxd1 Nxc5 22. Bc2 Bg7 23. Ke2 b5 24. Nd2 Kc7 25. Nf3 h6 26. e4 e5 27. fxe5 Nd7 28. Bb3 Nxe5 29. Nxe5 Bxe5 30. Bxf7 Bxh2 31. Bxg6 Kd6 32. Kf3 a5 33. a3 Be5 34. Be8 Kc5 35. Bf7 b4 36. axb4+ axb4 37. cxb4+ Kxb4 38. b3 h5 39. Bxh5 Kxb3 1/2-1/2

[Event "Wch U20 Girls 38th"]
[Site "Cala Gonone"]
[Date "2022.10.12"]
[Round "1"]
[White "Ruiz Villalba, Andrea"]
[Black "Kanyamarala, Trisha"]
[Result "0-1"]
[WhiteElo "1764"]
[BlackElo "2174"]
[PlyCount "92"]
[EventDate "2022.10.12"]
[EventType "swiss"]
[EventRounds "11"]
[EventCountry "ITA"]
[SourceTitle "CBM 210 Extra"]
[Source "ChessBase"]
[SourceDate "2022.11.30"]
[SourceVersion "1"]
[SourceVersionDate "2022.11.30"]
[SourceQuality "1"]

1. e4 c5 2. Nf3 d6 3. d4 cxd4 4. Nxd4 Nf6 5. Nc3 Nc6 6. Bg5 e6 7. Qd2 a6 8. 0-0-0 h6 9. Bh4 Qa5 10. f4 Be7 11. Nb3 Qc7 12. Be2 Bd7 13. Rhe1 0-0-0 14. Bf3 Be8 15. Qf2 Nd7 16. Bxe7 Nxe7 17. Qd4 Nb6 18. Qxg7 Rg8 19. Qd4 Kb8 20. e5 d5 21. g4 Rc8 22. Kb1 Nc4 23. Nd2 Nc6 24. Qf2 N6a5 25. Nxc4 Nxc4 26. Qd4 Qa5 27. Be2 Bd7 28. h4 b5 29. Bd3 Rxg4 30. Rg1 Rxg1 31. Rxg1 Nd2+ 32. Kc1 Nf3 33. Qf2 Nxg1 34. Qxg1 Qc7 35. Qg7 Bc6 36. Qxh6 Rg8 37. Ne2 Qa7 38. h5 Qe3+ 39. Kd1 d4 40. Qh7 Rg1+ 41. Nxg1 Qxg1+ 42. Ke2 Qg2+ 43. Ke1 Qg3+ 44. Kd1 Bf3+ 45. Be2 Qg1+ 46. Kd2 Qe3+ 0-1

[Event "Pan American-ch U20 Girls"]
[Site "Pereira"]
[Date "2022.08.26"]
[Round "6"]
[White "Susunaga Duran, Madelen Fernanda"]
[Black "Ruiz Villalba, Andrea"]
[Result "0-1"]
[WhiteElo "1204"]
[BlackElo "1845"]
[PlyCount "50"]
[EventDate "2022.08.23"]
[EventType "swiss"]
[EventRounds "9"]
[EventCountry "COL"]
[SourceTitle "CBM 210 Extra"]
[Source "ChessBase"]
[SourceDate "2022.11.30"]
[SourceVersion "1"]
[SourceVersionDate "2022.11.30"]
[SourceQuality "1"]

1. e4 c5 2. Nf3 d6 3. d4 cxd4 4. Nxd4 Nf6 5. Nc3 g6 6. Be3 Bg7 7. f3 0-0 8. Qd2 Nc6 9. 0-0-0 d5 10. exd5 Nxd5 11. Nxc6 bxc6 12. Nxd5 cxd5 13. Qxd5 Qc7 14. Qc4 Qe5 15. Bd4 Qf4+ 16. Rd2 Be6 17. Qd3 Rad8 18. Be3 Bxb2+ 19. Kd1 Qc7 20. Qa6 Qe5 21. Qxa7 Bc3 22. Rxd8 Rxd8+ 23. Bd3 Qb5 24. Ke2 Rxd3 25. Qa8+ Rd8+ 0-1

[Event "FIDE World Uni Rapid-E 1st"]
[Site "Tornelo INT"]
[Date "2021.03.21"]
[Round "11"]
[White "Ruiz Villalba, Andrea"]
[Black "Dubuisson, Samuel"]
[Result "1/2-1/2"]
[WhiteElo "1741"]
[BlackElo "2044"]
[PlyCount "50"]
[EventDate "2021.03.20"]
[EventType "swiss (rapid)"]
[EventRounds "12"]
[EventCountry "NET"]
[SourceTitle "EXT 2022"]
[Source "ChessBase"]
[SourceDate "2021.10.06"]
[SourceVersion "1"]
[SourceVersionDate "2021.10.06"]
[SourceQuality "1"]

1. e4 e5 2. Nf3 Nc6 3. Bc4 Nf6 4. d4 exd4 5. 0-0 d6 6. Nxd4 Nxd4 7. Qxd4 Be7 8. Nc3 0-0 9. b3 c6 10. Bb2 Qc7 11. Rfe1 Be6 12. Bxe6 fxe6 13. e5 dxe5 14. Qxe5 Bd6 15. Qxe6+ Kh8 16. h3 Rae8 17. Qc4 Re7 18. Rxe7 Qxe7 19. Rd1 Re8 20. g3 Bc7 21. Qd4 Rd8 22. Qc4 Re8 23. Qd3 Qe6 24. Na4 Nd5 25. c4 Nb6 1/2-1/2

[Event "FIDE World Uni Blitz-B 1st"]
[Site "Tornelo INT"]
[Date "2021.03.13"]
[Round "4.26"]
[White "Poulopoulos, Ioannis"]
[Black "Ruiz Villalba, Andrea"]
[Result "1-0"]
[WhiteElo "2236"]
[BlackElo "1741"]
[PlyCount "61"]
[EventDate "2021.03.13"]
[EventType "swiss (blitz)"]
[EventRounds "10"]
[EventCountry "NET"]
[SourceTitle "EXT 2022"]
[Source "ChessBase"]
[SourceDate "2021.10.06"]
[SourceVersion "1"]
[SourceVersionDate "2021.10.06"]
[SourceQuality "1"]

1. d4 Nf6 2. Nf3 d5 3. Bg5 Ne4 4. Bh4 g6 5. Nbd2 Bg7 6. e3 0-0 7. Bd3 Nxd2 8. Nxd2 Nd7 9. 0-0 c5 10. c3 a6 11. a4 b6 12. f4 Bb7 13. f5 Nf6 14. Nf3 Ne4 15. Ng5 h6 16. Nxe4 dxe4 17. Bc4 cxd4 18. cxd4 g5 19. Bg3 Rc8 20. Qb3 Qd7 21. Rac1 Rc6 22. d5 Rf6 23. Be5 Rxf5 24. Rxf5 Qxf5 25. Bxg7 Kxg7 26. Qxb6 Bxd5 27. Qd4+ e5 28. Qxd5 Rb8 29. Rf1 Qg6 30. Rxf7+ Qxf7 31. Qxf7+ 1-0

[Event "Pan American Intercollegiate-chT"]
[Site "Chess.com INT"]
[Date "2021.01.06"]
[Round "8"]
[White "Khattar, Tanmay"]
[Black "Ruiz Villalba, Andrea"]
[Result "1-0"]
[WhiteElo "2027"]
[BlackElo "1741"]
[PlyCount "67"]
[EventDate "2021.01.04"]
[EventType "team-swiss (rapid)"]
[EventRounds "9"]
[EventCountry "USA"]
[SourceTitle "CBM 200 Extra"]
[Source "ChessBase"]
[SourceDate "2021.03.31"]
[SourceVersion "1"]
[SourceVersionDate "2021.03.31"]
[SourceQuality "1"]
[WhiteTeam "Berkeley California Univ III"]
[BlackTeam "Chihuahua"]
[WhiteTeamCountry "USA"]
[BlackTeamCountry "MEX"]

1. d4 Nf6 2. c4 g6 3. Nc3 d5 4. cxd5 Nxd5 5. e4 Nxc3 6. bxc3 Bg7 7. Be3 c5 8. Qd2 Qa5 9. Rc1 0-0 10. Nf3 Nc6 11. d5 Rd8 12. h4 Bg4 13. c4 Qxd2+ 14. Nxd2 Nd4 15. f3 Bd7 16. Nb3 Nxb3 17. axb3 b6 18. h5 a5 19. Be2 Bb2 20. Rb1 Bg7 21. Kf2 Ra7 22. f4 Rda8 23. e5 Bf5 24. Ra1 g5 25. g3 gxf4 26. gxf4 h6 27. Rhg1 Kh7 28. Bg4 Bxg4 29. Rxg4 f6 30. Rag1 Rg8 31. d6 fxe5 32. fxe5 Rf8+ 33. Ke2 Bxe5 34. Rg6 1-0

[Event "Pan American-ch U18 Girls"]
[Site "Guayaquil"]
[Date "2019.07.22"]
[Round "3"]
[White "Pincay Coloma, Renata Alejandra"]
[Black "Ruiz Villalba, Andrea"]
[Result "0-1"]
[WhiteElo "1645"]
[BlackElo "1650"]
[PlyCount "50"]
[EventDate "2019.07.21"]
[EventType "swiss"]
[EventRounds "9"]
[EventCountry "ECU"]
[SourceTitle "EXT 2020"]
[Source "ChessBase"]
[SourceDate "2019.10.17"]
[SourceVersion "1"]
[SourceVersionDate "2019.10.17"]
[SourceQuality "1"]

1. d4 Nf6 2. g3 g6 3. Bg2 d5 4. Nf3 Bg7 5. 0-0 0-0 6. c4 c6 7. Nc3 Nbd7 8. Nd2 dxc4 9. Nxc4 Nb6 10. Ne5 Nfd5 11. e4 Nxc3 12. bxc3 c5 13. h3 cxd4 14. cxd4 Be6 15. Nf3 Qd7 16. Ng5 Bc4 17. Re1 Qxd4 18. Ba3 Qxa1 19. Qxa1 Bxa1 20. Rxa1 f6 21. Nf3 Kf7 22. Rc1 Rac8 23. Rd1 Bxa2 24. e5 Rfe8 25. Nd4 fxe5 0-1